Top 30 Music Artists from the 60's - Statistics

General Stats
  • This quiz has been taken 157 times
  • The average score is 12 of 30
Answer Stats
Hint Answer % Correct
1 The Beatles
99%
5 The Rolling Stones
89%
8 Elvis Presley
76%
3 The Beach Boys
71%
18 The Who
64%
25 The Doors
57%
21 The Kinks
55%
6 Bob Dylan
53%
10 The Jimi Hendrix Experience
53%
4 The Supremes
52%
7 Aretha Franklin
49%
13 The Temptations
46%
28 Led Zeppelin
45%
16 Marvin Gaye
44%
20 Stevie Wonder
39%
27 The Four Tops
36%
15 The Byrds
34%
2 James Brown
30%
11 Ray Charles
28%
9 Sam Cooke
26%
12 Otis Redding
24%
17 The Four Seasons
24%
22 Roy Orbison
19%
14 Smokey Robinson & The Miracles
19%
26 The Drifters
14%
24 The Shirelles
9%
30 Dion
8%
19 Wilson Pickett
8%
29 Martha & The Vandellas
5%
23 The Impressions
3%
No matching quizzes found
Score Distribution
Percent of People with Each Score
Percentile by Number Answered
Your Score History
You have not taken this quiz